| 000 | 00708nam a2200205Ia 4500 | ||
|---|---|---|---|
| 003 | GCL | ||
| 008 | 140319s9999 xx 000 0 ara d | ||
| 040 |
_aGCL / _cGCL |
||
| 082 | 0 | 4 |
_a810.9 _bش م |
| 100 | 1 | _aشوقى ضيف | |
| 245 | 1 | 0 |
_aالمغرب فى حلى المغرب , ط 3 / _cشوقى ضيف |
| 700 | 1 | _aابن سعيد المغربى : نور الدين ابو الحسن على بن محمد بن سعيد بن عبدالملك الاندلسى | |
| 260 |
_a[S.N] : _bدار المعارف ، _c1980 |
||
| 300 | _a571 ص | ||
| 490 |
_aذخائر العرب _v0 |
||
| 650 | 0 | 4 | _aالشعر الاندلسى |
| 650 | 0 | 4 | _aالمغرب |
| 650 | 0 | 4 | _aتاريخ ونقد |
| 942 |
_2ddc _cBK |
||
| 999 |
_c33509 _d33509 |
||